The signal-man = El guardavía ; To be read at dusk = Para leer al atardecer /
Saved in:
| Format: | Book |
|---|---|
| Published: |
Ciudad Autónoma de Buenos Aires :
La Nación,
2014.
|
| Series: | Audiolibros. Libros bilingües;
|
| LEADER | 00459nam a22001217a 4500 | ||
|---|---|---|---|
| 003 | AR-BeUNQ | ||
| 005 | 20240315072104.0 | ||
| 999 | |c 37441 |d 121241 | ||
| 245 | |a The signal-man = |b El guardavía ; To be read at dusk = Para leer al atardecer / |c Charles Dickens. | ||
| 260 | |a Ciudad Autónoma de Buenos Aires : |b La Nación, |c 2014. | ||
| 490 | |a Audiolibros. Libros bilingües; | ||
| 929 | |a DONACION |b María Mercedes Blancou. |e 20230630 |f PAT0079986 |g 3691 |h 1 |o PR |l Estante D | ||
| 942 | |c LIB |n 0 | ||